000 00352nam a2200145Ia 4500
003 OSt
005 20240229150406.0
008 170524s9999 xx 000 0 und d
020 _a978-8126102174
040 _cIIMT UNIVERSITY, MEERUT
100 _aJOSHI UMA
245 0 _aTEXT BOOK OF MASS COMMUNACTION MEDIA
260 _bANMOL PUB.
942 _2ddc
_c02
999 _c9096
_d9096